000 00289nam a22001217a 4500
082 _a823
_bKAD/A
100 _aKADHOORIYA,MEENU
245 _aAADHUNIC HINDI VYAKARAN AAVAM RACHANA
260 _aDELHI
_bVEEM KUMAR PUBLICATIONS
300 _a248
650 _aGRAMMAR
_zDELHI
942 _cBK
999 _c4499
_d4499